Statistics for Χώρες της Ευρώπης

Click here to take the quiz!

General Stats

  • This quiz has been taken 1 769 times
    (1 766 since last reset)
  • The average score is 34 of 46

Answer Stats

Answer% Correct
Ελλάδα
96%
Γερμανία
92%
Αλβανία
91%
Ισπανία
90%
Γαλλία
90%
Βουλγαρία
89%
Ιταλία
87%
Πορτογαλία
83%
Σουηδία
82%
Νορβηγία
79%
Ηνωμένο Βασίλειο
79%
Βέλγιο
78%
Ρουμανία
76%
Αυστρία
76%
Σερβία
76%
Ιρλανδία
76%
Ρωσία
75%
Σλοβακία
74%
Κροατία
73%
Σλοβενία
73%
Δανία
73%
Κάτω Χώρες
72%
Βόρεια Μακεδονία
72%
Ουκρανία
72%
Ελβετία
72%
Ισλανδία
71%
Πολωνία
71%
Εσθονία
70%
Τσεχία
70%
Λιθουανία
69%
Φινλανδία
69%
Βοσνία-Ερζεγοβίνη
68%
Μάλτα
68%
Λετονία
67%
Βατικανό
67%
Ανδόρρα
67%
Ουγγαρία
66%
Λουξεμβούργο
65%
Άγιος Μαρίνος
64%
Κύπρος
60%
Λευκορωσία
60%
Μολδαβία
59%
Μαυροβούνιο
58%
Μονακό
57%
Κόσοβο
56%
Λιχτενστάιν
54%

Score Distribution

Percentile by Number Answered

Percent of People with Each Score

Your Score History

You have not taken this quiz since the last reset